Mike Nichols Movies - Statistics

General Stats
  • This quiz has been taken 17 times
  • The average score is 11 of 18
Answer Stats
Year Movie % Correct
1967 The Graduate
100%
1966 Who's Afraid of Virginia Woolf?
83%
1971 Carnal Knowledge
75%
2004 Closer
75%
1983 Silkwood
75%
1996 The Birdcage
75%
1988 Working Girl
75%
1970 Catch-22
67%
2007 Charlie Wilson's War
67%
1990 Postcards from the Edge
67%
1998 Primary Colors
67%
1994 Wolf
67%
1986 Heartburn
58%
1973 The Day of the Dolphin
42%
1988 Biloxi Blues
33%
1991 Regarding Henry
33%
1975 The Fortune
33%
2000 What Planet Are You From?
33%
No matching quizzes found
Score Distribution
Percent of People with Each Score
Percentile by Number Answered
Your Score History
You have not taken this quiz